[Event "Mid-America Class Open"]
[Site "Chicago, IL USA"]
[Date "1995.??.??"]
[Round "5"]
[White "Kreiman, Boris"]
[Black "Formanek, Edward W"]
[Result "1/2-1/2"]
[WhiteElo "2400"]
[BlackElo "2345"]
[PlyCount "64"]
[EventDate "1995.??.??"]
[Source "www.chesslib.no"]
[SourceDate "2004.05.04"]

1. e4 Nc6 2. Nf3 e5 3. Bb5 a6 4. Ba4 Nf6 5. O-O Be7 6. d4 b5 7. Bb3 Nxe4 8. Nxe5 Nxe5 9. dxe5 Bb7 10. Qg4 O-O 11. Bh6 Bg5 12. Bxg5 Qxg5 13. Qxg5 Nxg5 14. Nc3 Ne4 15. Nxe4 Bxe4 16. Rad1 Bf5 17. Rd2 Rfe8 18. f4 h5 19. Kf2 g6 20. h3 Re7 21. Bd5 Rb8 22. Bf3 h4 23. Bg4 Kg7 24. Rfd1 Rd8 25. Bxf5 gxf5 26. a4 f6 27. e6 d6 28. axb5 axb5 29. Rd5 Rxe6 30. Rxb5 Rde8 31. Rd2 Re4 32. Kf3 Re3+ 1/2-1/2

[Event "Sao Paulo op"]
[Site "?"]
[Date "1998.??.??"]
[Round "?"]
[White "Rocha Wellington Carlos"]
[Black "De Souza Mauro Guimaraes"]
[Result "1/2-1/2"]
[WhiteElo "2325"]
[BlackElo "2405"]
[PlyCount "94"]
[EventDate "1998.??.??"]
[Source "www.chesslib.no"]
[SourceDate "2004.05.04"]

1. e4 e5 2. Nf3 Nc6 3. Bb5 a6 4. Ba4 Nf6 5. O-O Be7 6. d4 exd4 7. e5 Ne4 8. Nxd4 O-O 9. Nf5 d5 10. Bxc6 bxc6 11. Nxe7+ Qxe7 12. Re1 Re8 13. f3 Nd6 14. Nc3 Nf5 15. Bf4 Qb4 16. Qc1 Rb8 17. Rb1 Be6 18. a3 Qb6+ 19. Kh1 d4 20. Na4 Qb5 21. b3 c5 22. c4 Qc6 23. Qd2 Bxc4 24. Rec1 Rxb3 25. Rxb3 Bxb3 26. Nxc5 Bd5 27. Qd3 Nh4 28. Nxa6 Qb7 29. Nxc7 Rc8 30. Nxd5 Rxc1+ 31. Bxc1 Qxd5 32. Be3 Qa2 33. Qd2 Qxa3 34. Qxd4 Ng6 35. h3 h6 36. f4 Qa2 37. Kh2 Qc2 38. Bd2 Kh7 39. Kg3 Ne7 40. Kf3 Qd1+ 41. Kf2 Qc2 42. Ke2 Qc6 43. Qd3+ g6 44. Kf2 Nf5 45. Kg1 Qc5+ 46. Kf1 Qc6 47. Qb3 Kg8 1/2-1/2

[Event "Rimavska Sobota"]
[Site "Rimavska Sobota"]
[Date "1975.??.??"]
[Round "13"]
[White "Hausner, Ivan"]
[Black "Plachetka, Jan"]
[Result "0-1"]
[WhiteElo "2300"]
[BlackElo "2430"]
[PlyCount "84"]
[EventDate "1975.??.??"]
[Source "ChessBase"]

1. e4 e5 2. Nf3 Nc6 3. Bb5 a6 4. Ba4 Nf6 5. O-O Be7 6. d4 exd4 7. e5 Ne4 8. b4 O-O 9. a3 b5 10. Bb3 d5 11. Nxd4 Nxd4 12. Qxd4 Bb7 13. Nc3 c5 14. bxc5 Bxc5 15. Qd3 Qh4 16. Nxe4 dxe4 17. Qd7 Rad8 18. g3 Rxd7 19. gxh4 Re7 20. Bf4 Bd4 21. Rad1 Bxe5 22. Bxe5 Rxe5 23. Rd7 Bc8 24. Ra7 g6 25. Rd1 Be6 26. Rxa6 Bxb3 27. cxb3 Rc8 28. Rd4 Rc2 29. Rad6 e3 30. fxe3 Rxe3 31. Rd2 Rxd2 32. Rxd2 Rxb3 33. Ra2 h5 34. a4 bxa4 35. Rxa4 Rb2 36. h3 Kg7 37. Rf4 f5 38. Ra4 Re2 39. Kf1 Re4 40. Ra7+ Kh6 41. Kg2 Rxh4 42. Kg3 Kg5 0-1

[Event "Santiago ARAIS tt-B"]
[Site "?"]
[Date "1993.??.??"]
[Round "3"]
[White "Vasquez Rodrigo Rafael"]
[Black "Puelma Roberto"]
[Result "1-0"]
[WhiteElo "2475"]
[BlackElo "2250"]
[PlyCount "162"]
[EventDate "1993.??.??"]
[Source "www.chesslib.no"]
[SourceDate "2004.05.04"]

1. e4 e5 2. Nf3 Nc6 3. Bb5 a6 4. Ba4 Nf6 5. O-O Be7 6. d4 exd4 7. Re1 b5 8. Bb3 d6 9. c3 dxc3 10. Nxc3 O-O 11. h3 Ne5 12. a4 b4 13. Nd5 Nxd5 14. Bxd5 Rb8 15. Be3 c5 16. Nxe5 dxe5 17. Qh5 Bb7 18. Red1 Qc7 19. Rac1 Bxd5 20. Rxd5 c4 21. Qe2 Rfc8 22. b3 c3 23. Qxa6 Rd8 24. Qd3 Rxd5 25. Qxd5 Rd8 26. Qb5 Qd6 27. Qe2 h6 28. Qg4 Qe6 29. Qxe6 fxe6 30. g3 Bg5 31. f4 Rd3 32. Kf2 exf4 33. gxf4 Be7 34. Ke2 Rd8 35. a5 e5 36. fxe5 Bg5 37. a6 Kf7 38. a7 Bxe3 39. Kxe3 Ke6 40. Ra1 c2 41. Rc1 Ra8 42. Rxc2 Rxa7 43. Rc6+ Kxe5 44. Rc5+ Ke6 45. Kd4 Ra1 46. Rc6+ Kd7 47. Rg6 Rc1 48. Rxg7+ Ke6 49. Rg6+ Kf7 50. Rb6 Rc3 51. Rxb4 Rxh3 52. Kd5 Rd3+ 53. Ke5 h5 54. Kf5 h4 55. e5 h3 56. Rb7+ Kf8 57. b4 h2 58. Rh7 Rb3 59. Kf6 Rf3+ 60. Ke6 Rb3 61. Rh8+ Kg7 62. Rxh2 Rxb4 63. Rf2 Rb6+ 64. Kd7 Rb7+ 65. Kc6 Ra7 66. Rd2 Ra6+ 67. Kd7 Ra7+ 68. Ke6 Ra6+ 69. Rd6 Ra1 70. Ke7 Re1 71. Rd5 Re2 72. e6 Re1 73. Rg5+ Kh6 74. Rg2 Ra1 75. Kf7 Rf1+ 76. Ke8 Re1 77. e7 Ra1 78. Kf8 Rf1+ 79. Kg8 Re1 80. Rg7 Re2 81. Kf8 Re1 1-0

[Event "BL2-W 9091"]
[Site "GER"]
[Date "1991.??.??"]
[Round "?"]
[White "Schulz, Klaus-Juergen"]
[Black "Bluhm, Grischa"]
[Result "1-0"]
[WhiteElo "2390"]
[BlackElo "2335"]
[PlyCount "81"]
[EventDate "1990.10.??"]
[Source "www.chesslib.no"]
[SourceDate "2004.05.04"]

1. e4 e5 2. Nf3 Nc6 3. Bb5 a6 4. Ba4 Nf6 5. O-O Be7 6. d4 exd4 7. Re1 b5 8. Bb3 d6 9. Bd5 Bd7 10. Nxd4 Nxd5 11. Nxc6 Bxc6 12. exd5 Bd7 13. Qe2 Kf8 14. Nc3 Bg5 15. Ne4 Bxc1 16. Raxc1 h5 17. c4 h4 18. cxb5 axb5 19. a3 Rh6 20. h3 Rg6 21. Qf3 Kg8 22. Re3 Ra4 23. b4 Ra7 24. Rec3 Qa8 25. Kh2 Qd8 26. Qf4 Rb7 27. R1c2 Ra7 28. Rc1 Rb7 29. Qe3 Qb8 30. Nd2 Ra7 31. Nf3 Rb7 32. Nxh4 Rh6 33. Nf3 Qc8 34. Ng5 Qd8 35. f4 Bf5 36. Re1 Kf8 37. Qe2 Bd7 38. Re3 c6 39. Re7 cxd5 40. Rxf7+ Kg8 41. Rxd7 1-0

[Event "10th Open"]
[Site "Bosnjaci "]
[Date "2004.01.06"]
[Round "7"]
[White "Janev, Evgeni"]
[Black "Ascic, Pero"]
[Result "0-1"]
[WhiteElo "2403"]
[BlackElo "2317"]
[PlyCount "140"]
[EventDate "2004.01.03"]
[Source "Roberto Alvarez"]
[SourceDate "2004.01.19"]

1. e4 e5 2. Nf3 Nc6 3. Bb5 a6 4. Ba4 Nf6 5. O-O Be7 6. d4 exd4 7. e5 Ne4 8. Nxd4 Nxd4 9. Qxd4 Nc5 10. Nc3 O-O 11. Rd1 d6 12. Be3 Nxa4 13. Qxa4 Bd7 14. Qb3 Bc6 15. Bf4 Qd7 16. exd6 Bxd6 17. Bxd6 cxd6 18. Qb4 Qf5 19. Rd3 Rad8 20. Rad1 Rfe8 21. f3 h6 22. Qd4 Re6 23. Qf2 Qg6 24. Ne2 Qg5 25. c4 Rde8 26. Nd4 Rg6 27. b3 Qc5 28. R3d2 Re5 29. h4 a5 30. Kf1 a4 31. Rd3 Qb6 32. Ne2 Qb4 33. Nd4 Qb6 34. g4 Qc5 35. h5 Rf6 36. Nf5 Rexf5 37. gxf5 Qxf5 38. Ke2 axb3 39. axb3 Qxh5 40. Rf1 d5 41. c5 Bb5 42. Kd2 Bxd3 43. Kxd3 Qf5+ 44. Kc3 Qf4 45. Qd4 g5 46. Qxd5 Qe3+ 47. Kb4 Kg7 48. f4 Rxf4+ 49. Rxf4 Qxf4+ 50. Kb5 g4 51. Qxb7 g3 52. Qd5 Qf1+ 53. Ka5 g2 54. Qd4+ Qf6 55. Qg1 Qf1 56. Qd4+ Kg6 57. Qg4+ Kf6 58. Qd4+ Kf5 59. Qd7+ Kg5 60. Qd5+ f5 61. Qd8+ Kg4 62. Qd4+ Qf4 63. Qg7+ Kh3 64. c6 Qd2+ 65. b4 Qc1 66. c7 h5 67. b5 Qc5 68. Ka6 Kh2 69. Qf7 h4 70. Qd7 g1=Q 0-1

[Event "Gutierrez Memorial"]
[Site "San Jose, CA USA"]
[Date "1991.??.??"]
[Round "9"]
[White "Martin del Campo, Roberto"]
[Black "Lacayo, Rene"]
[Result "1-0"]
[WhiteElo "2430"]
[BlackElo "2285"]
[PlyCount "81"]
[EventDate "1991.??.??"]
[Source "www.chesslib.no"]
[SourceDate "2004.05.04"]

1. e4 e5 2. Nf3 Nc6 3. Bb5 a6 4. Ba4 Nf6 5. O-O Be7 6. d4 exd4 7. e5 Ne4 8. Nxd4 Nxd4 9. Qxd4 Nc5 10. Nc3 O-O 11. Bg5 Bxg5 12. Qxc5 Be7 13. Qe3 d5 14. Rad1 c6 15. Bb3 Bg4 16. f3 Bf5 17. Ne2 Qa5 18. Kh1 Rae8 19. Ng3 Bc8 20. c4 dxc4 21. Bxc4 Bh4 22. f4 Bxg3 23. Qxg3 Bf5 24. Qg5 g6 25. Bb3 Qb4 26. Rd6 a5 27. Rfd1 c5 28. Bd5 Qxb2 29. h4 Qc2 30. Bxb7 Be6 31. Bc6 Rb8 32. Bd7 Bxd7 33. Rxd7 Rb1 34. Rxb1 Qxb1+ 35. Kh2 Qxa2 36. f5 Qe2 37. Rd5 Qc4 38. Rd8 Rxd8 39. Qxd8+ Kg7 40. f6+ Kh6 41. Qd2+ 1-0

[Event "Ch Asturias (qual.)"]
[Site "Asturias ESP"]
[Date "1983.??.??"]
[Round "6"]
[White "Corral Blanco Juan Antonio (E"]
[Black "Acebal, J  Maria"]
[Result "1-0"]
[WhiteElo "2395"]
[BlackElo "2320"]
[PlyCount "67"]
[EventDate "1983.??.??"]
[Source "www.chesslib.no"]
[SourceDate "2004.05.04"]

1. e4 e5 2. Nf3 Nc6 3. Bb5 a6 4. Ba4 Nf6 5. O-O Be7 6. d4 b5 7. dxe5 Nxe4 8. Bb3 Nc5 9. Bd5 Bb7 10. Bf4 O-O 11. Nc3 d6 12. Bxc6 Bxc6 13. Nd4 Bb7 14. Nf5 dxe5 15. Bxe5 Bf6 16. Qxd8 Rfxd8 17. Bxf6 gxf6 18. Rad1 b4 19. Nd5 Bxd5 20. Ne7+ Kg7 21. Nxd5 a5 22. Nxc7 Rxd1 23. Rxd1 Rc8 24. Nd5 Na4 25. b3 Rxc2 26. bxa4 Rxa2 27. Nb6 b3 28. g3 b2 29. Nc4 Rxa4 30. Nxb2 Rb4 31. Nd3 Rb3 32. Kf1 a4 33. Ke2 a3 34. Ra1 1-0